Normal view
MARC view
- Stores, Retail
Entry Topical Term
001 - CONTROL NUMBER
- control field: 35138
003 - CONTROL NUMBER IDENTIFIER
- control field: OSt
005 - DATE AND TIME OF LATEST TRANSACTION
- control field: 20140209103140.0
008 - FIXED-LENGTH DATA ELEMENTS
- fixed length control field: 140209|| aca||babn | a|a d
040 ## - CATALOGING SOURCE
- Original cataloging agency: OSt
150 #0 - HEADING--TOPICAL TERM
- Topical term or geographic name as entry element: Stores, Retail
- Geographic subdivision: Great Britain
- General subdivision: Management